000 00927 a2200241 4500
005 20140903175020.0
008 140217s2000 xxub fr|||| 001 0 eng d
020 _a0674000978
020 _a9780674000988
040 _aCO-BoUCM
_bspa
_cJose A. Gerena
_dAldemar Mondragón
041 _aeng
245 0 0 _aHistorical perspectives on contemporary east Asia
_ceditado por Merle Goldman, Andrew Gordon
260 _bHarvard University press
_aCambridge (Massachusetts, Estados Unidos)
_c2000
300 _axi, 362 páginas
_bmapas
504 _aIncluye referencias bibliográficas e índices
651 4 _aAsia del Este
_xHistoria
_ySiglo XIX
_956911
651 4 _aAsia del Este
_xHistoria
_ySiglo XX
_956912
690 _942844
_aHistoria de Asia
700 1 _aGoldman, Merle
_eeditor
_956384
700 1 _aGordon, Andrew
_eeditor
_956385
942 _a21
_cLIBRO
_e1
_mH673
_2DEWEY
_h950.4
999 _c184355
_d184355